000 00568nam a22001937a 4500
003 LK-CoMWRAF
005 20231211125836.0
008 231211b1990 |||||||| |||| 00| 0 eng d
040 _aLK-CoMWRAF
_dLK-CoMWRAF
_eLK-CoMWRAF
041 _aeng
082 _a305.42
_bSHA
100 _aShaheed, Farida
245 _a Pakistan's women :
_b an analytical description
260 _aShirkat Gah:
_bLahore,
_c1990
300 _a77 p. ; 21 cm
_bBibliography included
650 _aWomen- Pakistan- Societies and clubs
650 _aSocial conditions-Pakistan
942 _cBK
999 _c4342
_d4342